| 000 | 00791nam a22002890a 4500 | ||
|---|---|---|---|
| 001 | PT58314 | ||
| 003 | AR-LpoUNG | ||
| 005 | 20210131231849.0 | ||
| 008 | 191001s2014||||ag |||||||||||||||||spa d | ||
| 020 |
_a9789871374199 _c$16 |
||
| 040 |
_aAR-LpoUNG _bspa _cAR-LpoUNG _eaacr |
||
| 041 | _aspa | ||
| 044 | _aag | ||
| 082 | 0 | _a808.068 3 598peq | |
| 100 | 1 | _aPico, Elenio | |
| 245 | 1 | 0 | _aPequeñas historias de grandes pintores |
| 250 | _a1ra. ed., 1ra. reimpr. | ||
| 260 |
_aBuenos Aires : _bPequeño editor, _c2014. |
||
| 300 |
_a52 p. : _bil. |
||
| 505 | 0 | _aSugerido a partir de 8 años (etiqueta CELESTE) | |
| 650 | 4 | _aCUENTOS | |
| 650 | 4 | _aLITERATURA | |
| 651 | 4 | _aDOCUMENTOS TEORICOS O METODOLOGICOS | |
| 653 | _aLITERATURA INFANTIL | ||
| 905 | _a58314 | ||
| 942 | _cLIB | ||
| 999 |
_c12293 _d12293 |
||